000 00742nam a22002177a 4500
005 20150124130938.0
008 141014t mx||||| |||| 00| 0 spa d
050 0 4 _aQC171.2
_bS74 1974
100 1 _aStearns, Robert L.
245 1 0 _aEnfoque sobre física : Física atómica /
_cRobert L. Stearns, tr. Mario Velazco Hernandez
250 _a1a ed.
260 _aMéxico :
_bC. E. C. S. A.,
_c1974.
300 _a143 p. :
_bil. ;
_c23 cm.
490 _a(Serie de compendios científicos)
500 _aTitulo original en ingles : Focus on physics- atomic physics
504 _aIncluye apéndice e índice
650 7 _2Lemb
_aFísica
650 7 _2Lemb
_aFísica nuclear
700 1 _aVelazco Hernandez Mario,
_etr.
942 _2ddc
_cLIB
999 _c66368
_d66368